000
00246nmm a2200085Ia 4500
008
220120s9999||||xx |||||||||||||||||und||
100
_a
LFY
_9
10674
245
0
_a
August 2010 ; open suse 11.3, linux 2.6.34, Gnome 2.30.1, KD
260
_a
EFY enterprises
999
_c
139624
_d
139624